| 000 | 00696nam a2200205 a 4500 | ||
|---|---|---|---|
| 001 | 000047059 | ||
| 005 | 20201002053326.0 | ||
| 008 | 180412s2016 dr a 000 0 spa d | ||
| 020 | _a9789945123760 | ||
| 040 |
_aDO-SdBNP _bspa _cBNPHU |
||
| 082 |
_axxxx _bxxxx |
||
| 100 | 1 |
_aSaiz de Bauger, Guillermina _974891 |
|
| 245 | 1 | 0 |
_aEnglish I : _bstudent's book 4th grade primary school / _cGuillermina Saiz de Bauger ; collaborator Carmen Ellis Muñoz Rosado. |
| 260 |
_aSanto Domingo : _bSusaeta, _c2016. |
||
| 300 |
_av. : _bil. ; _c28 cm. |
||
| 500 | _aNew curriculum design | ||
| 504 | _aBibliography : p. 128 | ||
| 590 | _aInventariado, 2018/LP | ||
| 700 | 1 |
_aMuñoz Rosado, Carmen Ellis _974892 |
|
| 999 |
_c46547 _d46547 |
||